| 000 | 00831cam a2200289 i 4500 | ||
|---|---|---|---|
| 999 |
_c1476 _d1476 |
||
| 001 | 1273361 | ||
| 003 | OSt | ||
| 005 | 20210628085950.0 | ||
| 008 | 751112s1976 maua b 001 0 eng b | ||
| 010 | _a 75038854 | ||
| 020 | _a0205049989 : | ||
| 040 |
_aDLC _cDLC _dDLC |
||
| 050 | 0 | 0 |
_aQP514.2 _b.B63 1976 |
| 060 | _aQU4 B676m | ||
| 082 | 0 | 0 | _a574.1/92 |
| 100 | 1 | _aBohinski, Robert C. | |
| 245 | 1 | 0 |
_aModern concepts in biochemistry / _cRobert C. Bohinski. |
| 250 | _a2d ed. | ||
| 260 |
_aBoston : _bAllyn and Bacon, _cc1976. |
||
| 300 |
_a624 p. in various pagings : _bill. ; _c26 cm. |
||
| 490 | 0 | _aAllyn and Bacon chemistry series | |
| 504 | _aIncludes bibliographies and index. | ||
| 650 | 0 | _aBiochemistry. | |
| 650 | 2 | _aBiochemistry. | |
| 906 |
_a7 _bcbc _corignew _d1 _eocip _f19 _gy-gencatlg |
||
| 942 |
_2lcc _cBK _nSO |
||